• 首页
  • 本馆介绍
  • 公告通知
  • 最新文献
  • 馆藏检索
  • 电子资源
  • 读者导购
  • 参考咨询
  • 我的图书馆
  • 登录
  • 详细信息显示
  • 放入我的书架
  • 预约/预借图书
  • 作者相关作品
  • 分类相关作品
  • 丛书相关作品
  • 出版社相关作品

书目信息

  • 表格格式
  • 工作单格式
  • 卡片格式
题名:
中国电视观众现状报告
    
 
作者: 张宁 , 王建宏 , 赵文江 主编
分册:  
出版信息: 北京   中国传媒大学出版社  2013
页数: 410页
开本: 26cm
丛书名: 媒介市场调查与研究丛书
单 册:
中图分类: G223-53
科图分类:
主题词: 电视--dian shi--观众--抽样调查--调查报告--中国--文集
电子资源:
ISBN: 978-7-5657-0723-0
000 01416nam 2200313 450
001 012001004399
005 20131017102727.0
010    @a978-7-5657-0723-0@dCNY88.00
099    @aCAL 012013099174
100    @a20130729d2013 em y0chiy50 ea
101 0  @achi@eeng
102    @aCN@b110000
105    @aak a 000yy
106    @ar
200 1  @a中国电视观众现状报告@Azhong guo dian shi guan zhong xian zhuang bao gao@e2012年全国电视观众抽样调查与分析@f主编张宁, 王建宏, 赵文江
210    @a北京@c中国传媒大学出版社@d2013
215    @a410页@c图@d26cm
225 2  @a媒介市场调查与研究丛书@Amei jie shi chang diao cha yu yan jiu cong shu
320    @a有书目
330    @a本书是中央电视台在全国范围进行的第六次电视观众抽样调查。保留了观众规模和结构、电视收视环境的相关问题,重点补充了关于观众收视行为和偏好原因的问题,增加了针对观众网络收视行为的专项问卷。另外,针对新闻、综艺娱乐、电视剧三个主要节目类型,专门设计了内容需求、观众评价以及要素偏好的相关内容。
410  0 @12001@a媒介市场调查与研究丛书
517 1  @a2012年全国电视观众抽样调查与分析@A2012 nian quan guo dian shi guan zhong chou yang diao cha yu fen xi
606 0  @a电视@Adian shi@x观众@x抽样调查@x调查报告@y中国@j文集
690    @aG223-53@v5
701  0 @a张宁@Azhang ning@4主编
701  0 @a王建宏@Awang jian hong@4主编
701  0 @a赵文江@Azhao wen jiang@4主编
801  0 @b江苏凤凰@c20191020
905    @b1223102-7@dG223-53@e258@f6
    
    中国电视观众现状报告:2012年全国电视观众抽样调查与分析/主编张宁, 王建宏, 赵文江.-北京:中国传媒大学出版社,2013
    410页:图;26cm.-(媒介市场调查与研究丛书)
    
    
    ISBN 978-7-5657-0723-0:CNY88.00
    本书是中央电视台在全国范围进行的第六次电视观众抽样调查。保留了观众规模和结构、电视收视环境的相关问题,重点补充了关于观众收视行为和偏好原因的问题,增加了针对观众网络收视行为的专项问卷。另外,针对新闻、综艺娱乐、电视剧三个主要节目类型,专门设计了内容需求、观众评价以及要素偏好的相关内容。
●
相关链接 在E读中查询图书 在五车中查询图书 在当当中查询图书 在豆瓣中查询图书


正题名:中国电视观众现状报告     索取号:G223-53/258         预约/预借

序号 登录号 条形码 馆藏地/架位号 状态 备注
1 1223102   212231020   第一样本阅览室/ [索取号:G223-53/258] 在馆    
2 1223103   212231039   教育系资料室/ [索取号:G223-53/258] 在馆    
3 1223104   212231048   教育系资料室/ [索取号:G223-53/258] 在馆    
4 1223105   212231057   教育系资料室/ [索取号:G223-53/258] 在馆    
5 1223106   212231066   第四借阅区/ [索取号:G223-53/258] 在馆    
6 1223107   212231075   第四借阅区/ [索取号:G223-53/258] 在馆    
唐山师范学院图书馆 欢迎您!
大连网信软件有限公司© 版权所有